|
|
|
|
| LEADER |
01504cam a2200385 a 4500 |
| 001 |
nkc20112164218 |
| 003 |
CZ PrNK |
| 005 |
20110523140805.0 |
| 007 |
ta |
| 008 |
110104s2010 xr e 000 d cze d |
| 015 |
|
|
|a cnb002164218
|
| 020 |
|
|
|a 978-80-7443-023-7
|q (brož.) :
|c Kč 49,00
|
| 035 |
|
|
|a (OCoLC)713796438
|
| 040 |
|
|
|a KLG001
|b cze
|d ABA001
|
| 072 |
|
7 |
|a 821.162.3-2
|x České drama
|2 Konspekt
|9 25
|
| 080 |
|
|
|a 821.162.3-2
|2 MRF
|
| 080 |
|
|
|a (0:82-2)
|2 MRF
|
| 100 |
1 |
|
|a Drábek, Pavel,
|d 1974-
|7 ola20040422002
|4 aut
|
| 245 |
1 |
0 |
|a Dýňový démon ve vegetariánské restauraci :
|b dušičková opera /
|c Pavel Drábek
|
| 250 |
|
|
|a Vyd. 1.
|
| 260 |
|
|
|a Brno :
|b Větrné mlýny pro občanské sdružení Centrum pro kulturu a společnost,
|c 2010
|
| 300 |
|
|
|a 57 s. ;
|c 15 cm
|
| 490 |
1 |
|
|a RozRazil - současná česká hra,
|x 1803-7100 ;
|v 92
|
| 500 |
|
|
|a "Libreto opery Ondřeje Kyase z repertoáru Ensemblu Opera Diversa"
|
| 500 |
|
|
|a 400 výt.
|
| 655 |
|
7 |
|a česká dramata
|7 fd133957
|2 czenas
|
| 655 |
|
9 |
|a Czech drama
|2 eczenas
|
| 710 |
2 |
|
|a Centrum pro kulturu a společnost (sdružení)
|7 xx0096833
|
| 830 |
|
0 |
|a RozRazil - současná česká hra
|0 s
|
| 856 |
4 |
1 |
|u http://www.digitalniknihovna.cz/mzk/uuid/uuid:e7b51f80-389d-11eb-b577-005056827e52
|y Digitalizovaný dokument
|x NDK
|
| 910 |
2 |
|
|a BOA001
|b S-1266.339
|
| 990 |
|
|
|a BK
|
| 995 |
|
|
|a 01
|
| 991 |
|
|
|b 201105
|e b
|
| 996 |
6 |
|
|b 2610478086
|c S-1266.339
|l MZK
|r Sklad / do 24 hodin
|n 0
|p p.v.
|w 001179196
|u 000010
|a 1
|e BOA001
|j MZK50
|s P
|